La novela, el novelista y su editor /

Obra en que se detallan las funciones y las características de un editor literario. Incluye información extensa sobre los errores comunes en un planteamiento narrativo que el editor debe ser capaz de detectar y ayudar a solventar en un escritor.

保存先:
書誌詳細
第一著者: McCormack, Thomas (autor)
その他の著者: Granados Salinas, Tomás (presentación) (presentación)
フォーマット: 図書
言語:スペイン語
出版事項: México : Libraria : Fondo de Cultura Económica, 2010, c2010
シリーズ:(Libros sobre Libros)
主題:
タグ: タグ追加
タグなし, このレコードへの初めてのタグを付けませんか!

MARC

LEADER 00000nam^a2200000^a^4500
001 000318160
005 20250521000000.0
009 20260310113405.113
020 |a 978-607-16-0436-1 
037 |a Acervo ITESO - Biblioteca 
041 |a ESP 
082 |a 302. 232  |b LIB V. 11 
100 |a McCormack, Thomas  |e (autor) 
245 1 3 |a La novela, el novelista y su editor /  |c T. McCormack ; presen. de T. Granados Salinas ; tr. por Juana Inés Dehesa. 
264 4 |a México :  |b Libraria :  |b Fondo de Cultura Económica,  |c 2010, c2010 
300 |a XVII, 149 p. 
336 |a texto  |b txt  |2 rdacontenido 
337 |a sin mediación  |b n  |2 rdamedio 
338 |a volumen  |b nc  |2 rdasoporte 
440 1 |a (Libros sobre Libros) 
500 |a Traducción de: The Fiction Editor, the Novel, and the Novelist 
520 |a Obra en que se detallan las funciones y las características de un editor literario. Incluye información extensa sobre los errores comunes en un planteamiento narrativo que el editor debe ser capaz de detectar y ayudar a solventar en un escritor. 
649 |a XX 
650 |a Editores y Libreros -  |x Prácticas Profesionales -  |x Tema Principal 
650 |a Industria Editorial 
650 |a Creación (Literaria, Artística, etc.) -  |x Estudio y Enseñanza 
650 |a Novela -  |x Historia y Crítica -  |x Tema Principal 
650 |a Narración (Retórica) 
650 |a Retórica -  |x Estudio y Enseñanza 
650 |a Literatura -  |x Historia y Crítica 
700 |a Granados Salinas, Tomás  |e (presentación) 
910 |a Fondo General 
920 |a Impresos - Libros 
930 |a Colección General 
905 |a 101 
901 |a 0500205105  |b IT1  |c ACC  |i C130232  |u 20250521 
902 |a https://opac.biblio.iteso.mx/vufind/Record/000318160